LEADER 01136nam--2200373---450- 001 990002803000203316 005 20060830092805.0 010 $a88-7219-021-5 035 $a000280300 035 $aUSA01000280300 035 $a(ALEPH)000280300USA01 035 $a000280300 100 $a20060830d1995----km-y0itay0103----ba 101 $aita 102 $aIT 105 $a||||||||001yy 200 1 $a<> servizi di pubblica utilita in Italia$erapporto sullo stato e sulle condizioni di sviluppo '95$fFondazione Rosselli. Osservatorio sui servizi pubblici 210 $aTorino$cLa Rosa$dc1995 215 $a503 p.$d26 cm 410 0$12001 454 1$12001 461 1$1001-------$12001 517 11$aRapporto '95 sullo stato e sulle condizioni di sviluppo 606 0 $aServizi pubblici$yItalia 676 $a363.60945 710 02$aFondazione Rosselli$0117328 801 0$aIT$bsalbc$gISBD 912 $a990002803000203316 951 $aP08 1585$bDISTRA 959 $aBK 969 $aDISTRA 979 $aDISTRA1$b90$c20060830$lUSA01$h0928 996 $aServizi di pubblica utilita in Italia$9995476 997 $aUNISA LEADER 01048nam a22002533i 4500 001 991002770009707536 005 20040324112614.0 008 040624s1975 it a||||||||||||||||ita 035 $ab12975424-39ule_inst 035 $aARCHE-093310$9ExL 040 $aDip.to Beni Culturali$bita$cA.t.i. Arché s.c.r.l. Pandora Sicilia s.r.l. 082 04$a387.1 100 1 $aSchmiedt, Giulio$0207123 245 10$aAntichi porti d'Italia :$bgli scali fenicio-punici : i porti della Magna Grecia /$cGiulio Schmiedt 260 $aFirenze :$bcoi tipi dell'Istituto geografico militare,$c1975 300 $a152 p. :$bill. ;$c24 cm 500 $aScritti già pubbl. in L'universo, 1965-1967. 650 4$aPorti$zItalia meridionale$xAntichità 907 $a.b12975424$b02-04-14$c12-07-04 912 $a991002770009707536 945 $aLE001 AN XIV 113$g1$i2001000059232$lle001$nC. 1$o-$pE0.00$q-$rl$s- $t0$u0$v0$w0$x0$y.i1357890x$z12-07-04 996 $aAntichi porti d'Italia$9285232 997 $aUNISALENTO 998 $ale001$b12-07-04$cm$da $e-$fita$git $h0$i1